|
|
|
|
| LEADER |
01333nam a22002657a 4500 |
| 001 |
32520 |
| 003 |
BD-DhAAL |
| 005 |
20240926100412.0 |
| 008 |
171130t2006 bg a|||| |||| 00| 0 eng d |
| 040 |
|
|
|a BD-DhAAL
|c BD-DhAAL
|
| 082 |
|
|
|a 338.095492
|2 22
|
| 245 |
|
|
|a Research reports.
|p (2006) :
|b economic studies,
|n Volume XXIV.
|
| 264 |
|
|
|a Dhaka :
|b Research and Evaluation Division, BRAC Centre,
|c 2006.
|
| 300 |
|
|
|a 44 pages :
|b illustrations ;
|c 30 cm.
|
| 362 |
|
|
|a Vol. 24
|
| 504 |
|
|
|a Includes bibliographical references.
|
| 541 |
|
|
|a Complementary copy from BRAC
|e 32520, 42911
|
| 610 |
|
|
|a BRAC.
|9 14405
|
| 651 |
|
|
|a Bangladesh
|x Economic condition.
|9 24144
|
| 710 |
|
|
|a BRAC,
|9 14405
|b Research and Evaluation Division.
|
| 852 |
|
|
|a Ayesha Abed Library
|c BRAC Resource Section
|
| 942 |
|
|
|2 ddc
|c BK
|
| 999 |
|
|
|c 38760
|d 38760
|
| 952 |
|
|
|0 0
|1 0
|2 ddc
|4 0
|6 338_095492000000000_RES
|7 1
|8 RPT
|9 62179
|a BRACUL
|b BRACUL
|c BRS
|d 2017-12-07
|e Complimentary copy from BRAC
|l 0
|o 338.095492 RES
|p 3010032520
|r 2017-12-07
|t 1
|w 2017-12-07
|y BK
|x Complimentary copy from BRAC; Price not available in register.
|
| 952 |
|
|
|0 0
|1 0
|2 ddc
|4 0
|6 338_095492000000000_RES
|7 1
|8 RPT
|9 76023
|a BRACUL
|b BRACUL
|c BRS
|d 2024-08-20
|e Complimentary copy from BRAC
|l 0
|o 338.095492 RES
|p 3010042911
|r 2024-08-20
|t 2
|w 2024-08-20
|y BK
|x Complimentary copy from BRAC; Price not available in register.
|